MARC

LEADER 00000nam0a2200000 4500
001 330742
005 20231102004305.0
035 |a (RuTPU)RU\TPU\book\356530 
090 |a 330742 
100 |a 20170411d1979 k y0rusy50 ca 
101 1 |a rus  |c eng 
102 |a RU 
105 |a a z 001zy 
200 1 |a Динамические библиотечно-информационные системы  |d Dynamic information and library processing  |e [монография]  |e пер. с англ.  |f Дж. Солтон  |g под ред. В. Р. Хисамутдинова 
210 |a Москва  |c Мир  |d 1979 
215 |a 557 с.  |c ил. 
320 |a Библиография в конце глав 
510 1 |a Dynamic information and library processing  |z eng 
606 1 |a Автоматизированные библиотечные информационные системы (АБИС)  |2 stltpush  |3 (RuTPU)RU\TPU\subj\67337  |9 83180 
610 1 |a библиотечно-информационная деятельность 
610 1 |a библиотеки 
610 1 |a автоматизация 
610 1 |a индексирование 
610 1 |a реферирование 
610 1 |a системы хранения 
610 1 |a системы поиска 
610 1 |a системный анализ 
610 1 |a оценка 
610 1 |a испытание 
610 1 |a динамическая обработка 
610 1 |a информация 
610 1 |a монографии 
686 |a Ч738  |v LBC/SL-A  |2 rubbk 
700 1 |a Солтон  |b Дж. 
702 1 |a Хисамутдинов  |b В. Р.  |4 340 
801 1 |a RU  |b 63413507  |c 20170411 
801 2 |a RU  |b 63413507  |c 20170411  |g RCR 
942 |c BK